| 000 | 02173cam a22004457i 4500 | ||
|---|---|---|---|
| 001 | 21417310 | ||
| 003 | JO-AjAnu | ||
| 005 | 20231127111659.0 | ||
| 008 | 200204t20192019vraa b 001 0 eng d | ||
| 010 | _a 2019394763 | ||
| 020 |
_a9781486309818 _q(paperback) |
||
| 020 |
_a1789245141 _qpaperback |
||
| 020 |
_z9781486309825 _q(epdf) |
||
| 020 |
_z9781486309832 _q(epub) |
||
| 035 | _a(OCoLC)on1124639169 | ||
| 040 |
_aYDX _beng _cYDX _erda _dCDX _dYDXIT _dAU@ _dBDX _dOCLCF _dYDX _dNZAUC _dDLC _dJO-AjAnu |
||
| 042 | _alccopycat | ||
| 050 | 0 | 0 |
_aQ223 _b.C675 2019 |
| 082 | 0 | 4 |
_a501/.4 _223 |
| 100 | 1 |
_aCormick, Craig, _d1961- _eauthor. |
|
| 245 | 1 | 4 |
_aThe science of communicating science : _bthe ultimate guide / _cDr Craig Cormick. |
| 246 | 3 | 0 | _aCommunicating science |
| 264 | 1 |
_aClayton South, VIC, Australia : _bCSIRO Publishing, _c[2019] |
|
| 264 | 4 | _c©2019 | |
| 300 |
_avi, 249 pages : _billustrations ; _c25 cm |
||
| 336 |
_atext _btxt _2rdacontent |
||
| 336 |
_astill image _bsti _2rdacontent |
||
| 337 |
_aunmediated _bn _2rdamedia |
||
| 338 |
_avolume _bnc _2rdacarrier |
||
| 504 | _aIncludes bibliographical references and index. | ||
| 520 |
_aAre you wishing you knew all you need to know about how to better communicate science, without having to read several hundred academic papers and blogs and books? Luckily Dr Craig Cormick has done this for you! This highly readable and entertaining book captures the breadth of research into best practice science communications and has distilled it into accessible chapters that take you through both the how and the why of science communication, supported with case studies and examples. -- _cSource other than Library of Congress. |
||
| 650 | 0 | _aCommunication in science. | |
| 650 | 7 |
_aCommunication in science. _2fast _0(OCoLC)fst00870268 |
|
| 650 | 7 |
_aReference, Information, Interdisciplinary subjects. _2thema |
|
| 650 | 7 |
_aMathematics & Science. _2thema |
|
| 655 | 7 |
_aHandbooks and manuals. _2fast _0(OCoLC)fst01423877 |
|
| 906 |
_a7 _bcbc _ccopycat _d3 _encip _f20 _gy-gencatlg |
||
| 942 |
_2lcc _cBK _n0 |
||
| 999 |
_c33163 _d33163 |
||